| 000 | 00505nam a2200181Ia 4500 | ||
|---|---|---|---|
| 003 | IN-BaIIA | ||
| 008 | 211028s9999 xx 000 0 eng d | ||
| 020 | _a90-277-0399-X | ||
| 040 | _cIIA Library | ||
| 080 |
_a523.987 _bTAN |
||
| 100 |
_aTanberg-Hanssen, Einar _935765 |
||
| 245 | 0 |
_aSolar prominences _bvol. 12 _cEinar Tanberg-Hanssen |
|
| 260 |
_aDordrecht _bD. Reidel Publishing _c1974 |
||
| 300 | _a155p. | ||
| 490 | _aGeophysics and astrophysics monographs | ||
| 650 |
_aSolar _9910 |
||
| 942 | _cBK | ||
| 999 |
_c18680 _d18680 |
||